<?xml version="1.0" encoding="UTF-8"?>
<record
    xmlns:xsi="http://www.w3.org/2001/XMLSchema-instance"
    xsi:schemaLocation="http://www.loc.gov/MARC21/slim http://www.loc.gov/standards/marcxml/schema/MARC21slim.xsd"
    xmlns="http://www.loc.gov/MARC21/slim">

  <leader>01705cam a2200325 a 4500</leader>
  <controlfield tag="001">17037754</controlfield>
  <controlfield tag="005">20160510112429.0</controlfield>
  <controlfield tag="008">111107s2012    mauab    b    001 0 eng  </controlfield>
  <datafield tag="010" ind1=" " ind2=" ">
    <subfield code="a">  2011045764</subfield>
  </datafield>
  <datafield tag="020" ind1=" " ind2=" ">
    <subfield code="a">9780674065833 (alk. paper)</subfield>
  </datafield>
  <datafield tag="082" ind1="0" ind2="0">
    <subfield code="a">352.2309174927</subfield>
    <subfield code="2">23</subfield>
    <subfield code="b">OWE</subfield>
  </datafield>
  <datafield tag="100" ind1="1" ind2=" ">
    <subfield code="a">Owen, Roger,</subfield>
    <subfield code="d">1935-</subfield>
    <subfield code="9">29466</subfield>
  </datafield>
  <datafield tag="245" ind1="1" ind2="4">
    <subfield code="a">The Rise and Fall of Arab Presidents for Life /</subfield>
    <subfield code="c">Roger Owen.</subfield>
  </datafield>
  <datafield tag="260" ind1=" " ind2=" ">
    <subfield code="a">Cambridge, Mass. :</subfield>
    <subfield code="b">Harvard University Press,</subfield>
    <subfield code="c">2012.</subfield>
  </datafield>
  <datafield tag="300" ind1=" " ind2=" ">
    <subfield code="a">xi, 248 p. :</subfield>
    <subfield code="b">ill., map ;</subfield>
    <subfield code="c">22 cm.</subfield>
  </datafield>
  <datafield tag="504" ind1=" " ind2=" ">
    <subfield code="a">Includes bibliographical references (p. 217-226) and index.</subfield>
  </datafield>
  <datafield tag="505" ind1="0" ind2=" ">
    <subfield code="a">The search for sovereignty in an insecure world -- The origins of the presidential security state -- Basic components of the regimes -- Centralized state systems in Tunisia, Syria, Egypt, and Algeria -- Presidents as managers in Sudan, Libya, and Yemen -- Constrained presidencies in Lebanon and Iraq after Hussein -- The monarchical security states of Jordan, Morocco, Bahrain, and Oman -- The politics of succession -- The question of Arab exceptionalism -- The sudden fall.</subfield>
  </datafield>
  <datafield tag="650" ind1=" " ind2="0">
    <subfield code="a">Presidents</subfield>
    <subfield code="z">Arab countries</subfield>
    <subfield code="x">History.</subfield>
    <subfield code="9">32300</subfield>
  </datafield>
  <datafield tag="650" ind1=" " ind2="0">
    <subfield code="a">Presidents</subfield>
    <subfield code="z">Middle East</subfield>
    <subfield code="x">History.</subfield>
    <subfield code="9">32301</subfield>
  </datafield>
  <datafield tag="650" ind1=" " ind2="0">
    <subfield code="a">Monarchy</subfield>
    <subfield code="z">Arab countries.</subfield>
    <subfield code="9">32302</subfield>
  </datafield>
  <datafield tag="650" ind1=" " ind2="0">
    <subfield code="a">Monarchy</subfield>
    <subfield code="z">Middle East.</subfield>
    <subfield code="9">32303</subfield>
  </datafield>
  <datafield tag="650" ind1=" " ind2="0">
    <subfield code="a">Authoritarianism</subfield>
    <subfield code="z">Arab countries.</subfield>
    <subfield code="9">32304</subfield>
  </datafield>
  <datafield tag="651" ind1=" " ind2="0">
    <subfield code="a">Arab countries</subfield>
    <subfield code="x">Politics and government</subfield>
    <subfield code="y">1945-</subfield>
    <subfield code="9">32306</subfield>
  </datafield>
  <datafield tag="651" ind1=" " ind2="0">
    <subfield code="a">Middle East</subfield>
    <subfield code="x">Politics and government</subfield>
    <subfield code="y">1945-</subfield>
    <subfield code="9">32307</subfield>
  </datafield>
  <datafield tag="651" ind1=" " ind2="0">
    <subfield code="a">Arab countries</subfield>
    <subfield code="x">Kings and rulers.</subfield>
    <subfield code="9">32308</subfield>
  </datafield>
  <datafield tag="651" ind1=" " ind2="0">
    <subfield code="a">Middle East</subfield>
    <subfield code="x">Kings and rulers.</subfield>
    <subfield code="9">32309</subfield>
  </datafield>
  <datafield tag="653" ind1=" " ind2=" ">
    <subfield code="b">Pol</subfield>
    <subfield code="c">January2013</subfield>
  </datafield>
  <datafield tag="650" ind1=" " ind2="0">
    <subfield code="9">32305</subfield>
    <subfield code="a">Authoritarianism</subfield>
    <subfield code="z">Middle East</subfield>
  </datafield>
  <datafield tag="942" ind1=" " ind2=" ">
    <subfield code="2">ddc</subfield>
    <subfield code="c">BB</subfield>
  </datafield>
  <datafield tag="999" ind1=" " ind2=" ">
    <subfield code="c">17205</subfield>
    <subfield code="d">17177</subfield>
  </datafield>
  <datafield tag="952" ind1=" " ind2=" ">
    <subfield code="0">0</subfield>
    <subfield code="1">0</subfield>
    <subfield code="2">ddc</subfield>
    <subfield code="4">0</subfield>
    <subfield code="7">0</subfield>
    <subfield code="8">M-E-O</subfield>
    <subfield code="a">MAIN</subfield>
    <subfield code="b">MAIN</subfield>
    <subfield code="c">1ST</subfield>
    <subfield code="d">2013-01-31</subfield>
    <subfield code="e">purchase</subfield>
    <subfield code="g">249.00</subfield>
    <subfield code="h">001341</subfield>
    <subfield code="l">6</subfield>
    <subfield code="m">10</subfield>
    <subfield code="o">352.2309174927 OWE</subfield>
    <subfield code="p">000027968</subfield>
    <subfield code="r">2025-07-15 00:00:00</subfield>
    <subfield code="s">2016-02-24</subfield>
    <subfield code="y">BB</subfield>
  </datafield>
</record>
